00249nam a2200097Ia 4500001000800000005001700008008004100025020001800066245004700084260002000131126666020260417145118.0260417s9999 xx 000 0 und d a9789752112681 0aKaptan Düşükdon 8. KitapcDav Pilkey bAltın Kitaplar